[Event "2nd Irena Warakomska Memorial-A"]
[Site "Suwalki"]
[Date "2018.08.04"]
[Round "5"]
[White "Goluch, Piotr"]
[Black "Zgadzaj, Rafal"]
[Result "1-0"]
[WhiteElo "2301"]
[BlackElo "2154"]
[Annotator "NA"]
[PlyCount "73"]
[EventDate "2018.08.01"]
[EventType "swiss"]
[EventCountry "POL"]
[SourceTitle "playchess.com"]
[Source "ChessBase"]
[SourceQuality "1"]
[TimeControl "40/5400+30:1800+30"]

1. d4 f5 {[%emt 0:00:02]} 2. Nf3 {[%emt 0:00:00]} Nf6 {[%emt 0:00:20]} 3. g3 {[%emt 0:00:00]} d6 {[%emt 0:00:57]} 4. Bg2 {[%emt 0:00:04]} g6 {[%emt 0:00:15]} 5. O-O {[%emt 0:00:06]} Bg7 {[%emt 0:00:02]} 6. b3 {[%emt 0:00:06]} O-O {[%emt 0:00:15]} 7. Bb2 {[%emt 0:00:03]} a5 {[%emt 0:03:30]} 8. c4 Na6 {[%emt 0:06:44]} 9. Nc3 {[%emt 0:03:33]} c6 {[%emt 0:01:25]} 10. Re1 {[%emt 0:02:04]} Qc7 {[%emt 0:02:46]} 11. e4 {[%emt 0:00:23]} fxe4 {[%emt 0:03:32]} 12. Nxe4 Nxe4 {[%emt 0:03:48]} 13. Rxe4 {[%emt 0:00:35]} Bf5 {[%emt 0:00:23]} 14. Re1 {[%emt 0:16:01]} Rae8 {[%emt 0:14:55]} 15. Qe2 {[%emt 0:14:29]} a4 {[%emt 0:12:24]} 16. c5 Bg4 {[%emt 0:05:13]} 17. cxd6 {[%emt 0:01:04]} exd6 {[%emt 0:02:45]} 18. Qxe8 {[%emt 0:00:07]} Rxe8 {[%emt 0:00:13]} 19. Rxe8+ {[%emt 0:00:04]} Kf7 {[%emt 0:02:36]} 20. Rae1 {[%emt 0:00:13]} Bxf3 {[%emt 0:01:22]} 21. Bxf3 {[%emt 0:00:04]} Nb4 {[%emt 0:04:36]} 22. R1e2 axb3 {[%emt 0:02:38]} 23. axb3 {[%emt 0:20:46]} Nc2 {[%emt 0:03:00]} 24. R8e4 {[%emt 0:01:41]} Nxd4 {[%emt 0:17:38]} 25. Bxd4 {[%emt 0:00:23]} Bxd4 {[%emt 0:00:07]} 26. Rxd4 {[%emt 0:00:03]} d5 {[%emt 0:01:43]} 27. h4 {[%emt 0:00:43]} h6 {[%emt 0:05:06]} 28. Rf4+ {[%emt 0:00:16]} Kg7 {[%emt 0:00:14]} 29. Re6 {[%emt 0:00:10]} Qb6 {[%emt 0:01:38]} 30. h5 {[%emt 0:00:24]} g5 {[%emt 0:00:52]} 31. Rg6+ {[%emt 0:00:04]} Kh7 {[%emt 0:00:10]} 32. Rf7+ {[%emt 0:00:12]} Kh8 {[%emt 0:00:01]} 33. Bxd5 {[%emt 0:00:16]} Qd4 {[%emt 0:00:44]} 34. Rf8+ {[%emt 0:00:37]} Kh7 {[%emt 0:00:03]} 35. Bg8+ {[%emt 0:00:10]} Kh8 {[%emt 0:00:03]} 36. Bf7+ {[%emt 0:00:09]} Kh7 {[%emt 0:00:09]} 37. Rgg8 {[%emt 0:00:25]} 1-0

[Event "2nd Irena Warakomska Memorial-A"]
[Site "Suwalki"]
[Date "2018.08.04"]
[Round "5"]
[White "Szustakowski, Antoni"]
[Black "Fiedorek, Michal"]
[Result "1-0"]
[WhiteElo "2300"]
[BlackElo "1970"]
[Annotator "NA"]
[PlyCount "55"]
[EventDate "2018.08.01"]
[EventType "swiss"]
[EventCountry "POL"]
[SourceTitle "playchess.com"]
[Source "ChessBase"]
[SourceQuality "1"]
[TimeControl "40/5400+30:1800+30"]

1. d4 d5 2. c4 e6 3. Nc3 Nf6 4. cxd5 exd5 5. Bg5 c6 6. e3 Bd6 7. Bd3 O-O 8. Qc2 h6 9. Bh4 Nbd7 10. Nge2 Re8 11. h3 Nf8 12. g4 b5 13. O-O-O a5 14. Rdg1 Be7 15. f4 a4 16. Be1 N6d7 17. h4 Nb6 18. Nb1 b4 19. g5 Kh8 20. gxh6 gxh6 21. Ng3 Nc4 22. Qe2 Qd6 23. Ne4 dxe4 24. Bxc4 Be6 25. Qg2 Ng6 26. h5 Bxc4 27. hxg6 Qxg6 28. Qc2 1-0

[Event "2nd Irena Warakomska Memorial-A"]
[Site "Suwalki"]
[Date "2018.08.04"]
[Round "5"]
[White "Szostko, Jakub"]
[Black "Yevseev, Denis"]
[Result "1/2-1/2"]
[WhiteElo "2299"]
[BlackElo "2513"]
[Annotator "ChessBase"]
[PlyCount "71"]
[EventDate "2018.08.01"]
[EventType "swiss"]
[EventCountry "POL"]
[SourceTitle "playchess.com"]
[Source "ChessBase"]
[SourceQuality "1"]
[TimeControl "40/5400+30:1800+30"]

1. e4 {[%emt 0:00:00]} c6 {[%emt 0:00:00]} 2. d4 {[%emt 0:00:00]} d5 {[%emt 0:00:00]} 3. e5 {[%emt 0:00:00]} Bf5 {[%emt 0:00:01]} 4. Nf3 {[%emt 0:00:04]} e6 {[%emt 0:00:14]} 5. Be2 {[%emt 0:00:10]} Nd7 {[%emt 0:00:54]} 6. O-O {[%emt 0:00:30]} h6 {[%emt 0:00:28]} 7. Nbd2 {[%emt 0:01:06]} Ne7 {[%emt 0:00:26]} 8. Nb3 {[%emt 0:01:30]} Bh7 {[%emt 0:01:04]} 9. Bd2 {[%emt 0:00:53]} Ng6 {[%emt 0:00:57]} 10. Rc1 {[%emt 0:04:39]} Be7 {[%emt 0:00:47]} 11. c4 {[%emt 0:04:15]} dxc4 {[%emt 0:00:23]} 12. Na5 {[%emt 0:02:55]} Rb8 {[%emt 0:02:03]} 13. Nxc4 {[%emt 0:00:56]} O-O {[%emt 0:00:54]} 14. Ba5 {[%emt 0:04:28]} b6 {[%emt 0:06:28]} 15. Bd2 {[%emt 0:01:41]} c5 {[%emt 0:18:49]} 16. dxc5 {[%emt 0:17:01]} Nxc5 {[%emt 0:09:42]} 17. Be3 {[%emt 0:06:50]} Rb7 {[%emt 0:07:53]} 18. Qxd8 {[%emt 0:11:08]} Rxd8 {[%emt 0:00:43]} 19. Rfd1 {[%emt 0:01:31]} Rbd7 {[%emt 0:01:46]} 20. Rxd7 {[%emt 0:02:53]} Rxd7 {[%emt 0:00:12]} 21. Rd1 {[%emt 0:03:16]} Rxd1+ {[%emt 0:15:57]} 22. Bxd1 {[%emt 0:01:18]} Nf8 {[%emt 0:00:11]} 23. Nd4 {[%emt 0:04:16]} Bd3 {[%emt 0:08:17]} 24. Nc6 {[%emt 0:08:24]} Bg5 {[%emt 0:01:41]} 25. Nd6 {[%emt 0:03:39]} Bxe3 {[%emt 0:01:11]} 26. Ne7+ {[%emt 0:01:49]} Kh7 {[%emt 0:00:27]} 27. fxe3 {[%emt 0:00:04]} Ng6 {[%emt 0:07:41]} 28. Nc6 {[%emt 0:00:59]} Kg8 {[%emt 0:00:43]} 29. Nc8 {[%emt 0:07:25]} Nd7 {[%emt 0:04:17]} 30. N8xa7 {[%emt 0:01:13]} Ngxe5 {[%emt 0:00:20]} 31. Nxe5 {[%emt 0:00:34]} Nxe5 {[%emt 0:00:07]} 32. Nc8 {[%emt 0:01:55]} b5 {[%emt 0:01:15]} 33. Kf2 {[%emt 0:01:12]} Bb1 {[%emt 0:07:25]} 34. Be2 {[%emt 0:00:28]} Bxa2 {[%emt 0:00:05]} 35. Bxb5 {[%emt 0:00:07]} Bb3 {[%emt 0:00:38]} 36. Ne7+ {[%emt 0:01:40]} 1/2-1/2

[Event "2nd Irena Warakomska Memorial-A"]
[Site "Suwalki"]
[Date "2018.08.04"]
[Round "5"]
[White "Kowalski, Igor"]
[Black "Socko, Monika"]
[Result "1/2-1/2"]
[WhiteElo "2294"]
[BlackElo "2466"]
[Annotator "TA"]
[PlyCount "95"]
[EventDate "2018.08.01"]
[EventType "swiss"]
[EventCountry "POL"]
[SourceTitle "playchess.com"]
[Source "ChessBase"]
[SourceQuality "1"]

{[%evp 15,95,39,50,45,122,118,114,116,190,155,127,135,146,151,135,93,112,114,115,61,106,42,70,45,51,43,54,8,48,23,28,29,49,0,3,0,-8,-28,-9,-27,-8,-22,-20,-35,-34,-18,-10,-11,-8,-8,-8,-6,0,-19,-10,-18,-14,-30,0,0,0,0,0,-39,0,0,0,0,0,0,0,0,0,0,0,0,0,0,0,0,0,0]} 1. d4 Nf6 2. c4 g6 3. Nc3 Bg7 4. e4 O-O 5. Be2 c6 6. Nf3 d5 7. e5 Ne8 {E70: King's Indian: Miscellaneous lines with 4 e4, including 5 Nge2 and 5 Bd3 0-0 6 Nge2} 8. cxd5 (8. h4 h5 9. Ng5 f6 10. exf6 exf6 11. Nh3 Bxh3 12. Rxh3 f5 13. Bg5 Qd7 14. Kf1 Nc7 15. Re3 {0-1 (50) Vallejo Pons,F (2716)-Jobava,B (2665) Baku 2016}) 8... cxd5 {LiveBook: 3 Games} 9. h4 Nc6 {[#]} ({Black should try} 9... h5 $14) 10. h5 $1 $16 Nc7 11. hxg6 hxg6 (11... fxg6 $16 {keeps fighting.} 12. Be3 Bf5) 12. Be3 f6 {[%cal Rf6e5]} 13. Bd3 Bf5 $146 ({Predecessor:} 13... fxe5 14. Bxg6 Bf5 15. Bxf5 Rxf5 16. Nxe5 Nxe5 17. dxe5 Rxe5 {½-½ (42) Werner,D (2350)-Appel,R (2365) Germany 1990}) 14. Bxf5 gxf5 15. e6 f4 16. Bxf4 {And now Qe2 would win.} Nxe6 17. Bh6 ({White should play} 17. Be3 $16) 17... Qd6 18. Bxg7 (18. Qd3 $16) 18... Nxg7 19. Qd3 Qe6+ 20. Kd2 {[#] Threatens to win with Rh7.} Qf5 21. Rae1 Rad8 22. a3 Qxd3+ 23. Kxd3 Rfe8 24. Nd2 e5 25. Nb3 Ne6 {[%cal Re5d4]} 26. Ne2 Kg7 27. f3 Rh8 (27... Rc8 {feels hotter.} 28. Kd2 Rh8 29. Rc1 Kf7 30. dxe5 fxe5 31. Ke3 Ke7) 28. Rxh8 Rxh8 29. Ke3 exd4+ 30. Kf2 $1 d3 31. Nc3 Nf4 32. Kg3 Nh5+ 33. Kf2 $1 Rd8 34. Rd1 Nf4 35. Nc5 d4 36. N3e4 b6 (36... f5 {looks sharper.} 37. Ng5 Kf6 38. g3 b6 39. Nb7 Rb8) 37. Nxd3 Nxd3+ 38. Rxd3 $11 {[%mdl 4096] Endgame KRN-KRN} Ne5 39. Rd1 Kf7 40. b3 {The position is equal.} Rd7 41. Ke2 Ke6 42. f4 Ng4 43. Kf3 f5 44. Ng3 $1 Ne3 45. Rd2 Ng4 $1 46. Rd3 Nh2+ 47. Kf2 Ng4+ 48. Kf3 {Precision: White = 59%, Black = 54%.} 1/2-1/2

[Event "2nd Irena Warakomska Memorial-A"]
[Site "Suwalki"]
[Date "2018.08.04"]
[Round "5"]
[White "Kyc, Jerzy"]
[Black "Koziak, Vitali"]
[Result "1/2-1/2"]
[WhiteElo "2283"]
[BlackElo "2476"]
[Annotator "ChessBase"]
[PlyCount "72"]
[EventDate "2018.08.01"]
[EventType "swiss"]
[EventCountry "POL"]
[SourceTitle "playchess.com"]
[Source "ChessBase"]
[SourceQuality "1"]
[TimeControl "40/5400+30:1800+30"]

1. e4 {[%emt 0:00:00]} c5 {[%emt 0:00:00]} 2. Nf3 {[%emt 0:00:00]} d6 {[%emt 0:00:00]} 3. d4 {[%emt 0:00:00]} cxd4 {[%emt 0:00:00]} 4. Nxd4 {[%emt 0:00:00]} Nf6 {[%emt 0:00:05]} 5. Nc3 {[%emt 0:00:00]} e6 {[%emt 0:00:11]} 6. Be3 {[%emt 0:04:20]} a6 {[%emt 0:00:28]} 7. Qd2 {[%emt 0:09:19]} b5 {[%emt 0:00:50]} 8. a3 {[%emt 0:00:04]} Bb7 {[%emt 0:00:18]} 9. f3 {[%emt 0:00:25]} Nbd7 {[%emt 0:00:15]} 10. g4 {[%emt 0:03:43]} Nb6 {[%emt 0:03:27]} 11. Qf2 {[%emt 0:04:51]} Nfd7 {[%emt 0:00:52]} 12. Bd3 {[%emt 0:05:26]} Rc8 {[%emt 0:01:30]} 13. h4 {[%emt 0:05:16]} Be7 {[%emt 0:04:21]} 14. g5 {[%emt 0:03:37]} Nc4 {[%emt 0:08:44]} 15. Bxc4 {[%emt 0:00:19]} Rxc4 {[%emt 0:00:06]} 16. Qg2 {[%emt 0:22:27]} d5 {[%emt 0:30:07]} 17. exd5 {[%emt 0:00:41]} Nb6 {[%emt 0:00:50]} 18. g6 {[%emt 0:20:10]} Bxh4+ {[%emt 0:18:32]} 19. Rxh4 {[%emt 0:00:39]} Qxh4+ {[%emt 0:00:05]} 20. Bf2 {[%emt 0:00:03]} Qh6 {[%emt 0:15:49]} 21. gxf7+ {[%emt 0:01:16]} Kxf7 {[%emt 0:00:07]} 22. dxe6+ {[%emt 0:06:38]} Ke8 {[%emt 0:00:31]} 23. Ne4 {[%emt 0:02:06]} Bxe4 {[%emt 0:01:05]} 24. fxe4 {[%emt 0:00:03]} g6 {[%emt 0:05:34]} 25. Rd1 {[%emt 0:06:25]} Rf8 {[%emt 0:00:43]} 26. e5 {[%emt 0:01:07]} Qf4 {[%emt 0:01:14]} 27. Nc6 {[%emt 0:00:59]} Re4+ {[%emt 0:01:55]} 28. Kf1 {[%emt 0:00:04]} Nd5 {[%emt 0:00:10]} 29. Kg1 {[%emt 0:00:26]} Rc4 {[%emt 0:04:46]} 30. Rxd5 {[%emt 0:03:51]} Rxc6 {[%emt 0:00:07]} 31. Rd8+ {[%emt 0:00:03]} Kxd8 {[%emt 0:01:43]} 32. Qd5+ {[%emt 0:00:02]} Kc7 {[%emt 0:00:14]} 33. Qd7+ {[%emt 0:00:04]} Kb8 {[%emt 0:00:05]} 34. Qa7+ {[%emt 0:00:13]} Kc8 {[%emt 0:00:04]} 35. Qd7+ {[%emt 0:00:05]} Kb8 {[%emt 0:00:03]} 36. Qa7+ {[%emt 0:00:03]} Kc8 {[%emt 0:00:04]} 1/2-1/2

[Event "2nd Irena Warakomska Memorial-A"]
[Site "Suwalki"]
[Date "2018.08.04"]
[Round "5"]
[White "Marszalek, Maciej"]
[Black "Ulanowski, Karol"]
[Result "1-0"]
[WhiteElo "2269"]
[BlackElo "2149"]
[Annotator "NA"]
[PlyCount "121"]
[EventDate "2018.08.01"]
[EventType "swiss"]
[EventCountry "POL"]
[SourceTitle "playchess.com"]
[Source "ChessBase"]
[SourceQuality "1"]
[TimeControl "40/5400+30:1800+30"]

1. Nf3 {[%emt 0:00:00]} Nf6 {[%emt 0:00:00]} 2. g3 {[%emt 0:00:00]} g6 {[%emt 0:00:00]} 3. Bg2 {[%emt 0:00:00]} Bg7 {[%emt 0:00:00]} 4. O-O {[%emt 0:00:00]} c5 {[%emt 0:00:07]} 5. c4 {[%emt 0:00:13]} Nc6 {[%emt 0:00:07]} 6. Nc3 {[%emt 0:00:06]} O-O {[%emt 0:01:53]} 7. d4 {[%emt 0:01:10]} cxd4 {[%emt 0:00:29]} 8. Nxd4 {[%emt 0:00:08]} Qa5 {[%emt 0:05:20]} 9. e3 {[%emt 0:01:54]} Ne5 {[%emt 0:18:59]} 10. Nb3 {[%emt 0:15:12]} Qc7 {[%emt 0:01:47]} 11. c5 {[%emt 0:00:42]} Rd8 {[%emt 0:04:22]} 12. Nb5 {[%emt 0:06:59]} Qb8 {[%emt 0:00:13]} 13. e4 {[%emt 0:00:45]} a6 {[%emt 0:05:10]} 14. Nc3 {[%emt 0:00:51]} d6 {[%emt 0:02:52]} 15. cxd6 {[%emt 0:05:16]} exd6 {[%emt 0:10:10]} 16. Nd4 {[%emt 0:17:41]} Bg4 {[%emt 0:12:05]} 17. f3 {[%emt 0:00:49]} Bd7 {[%emt 0:00:05]} 18. Nc2 {[%emt 0:05:16]} b5 {[%emt 0:03:08]} 19. a3 {[%emt 0:00:46]} Be6 {[%emt 0:03:48]} 20. Ne3 {[%emt 0:02:17]} Qa7 {[%emt 0:00:18]} 21. Kh1 {[%emt 0:00:41]} Nc4 {[%emt 0:00:29]} 22. Re1 {[%emt 0:01:03]} Rac8 {[%emt 0:00:48]} 23. Nxc4 {[%emt 0:06:33]} Bxc4 {[%emt 0:00:16]} 24. Be3 {[%emt 0:00:08]} Qb8 {[%emt 0:01:39]} 25. Bf4 {[%emt 0:00:55]} b4 {[%emt 0:00:46]} 26. axb4 {[%emt 0:01:35]} Qxb4 {[%emt 0:00:06]} 27. Qd2 {[%emt 0:01:40]} d5 {[%emt 0:08:19]} 28. exd5 {[%emt 0:04:49]} Bxd5 {[%emt 0:01:20]} 29. Rad1 {[%emt 0:04:06]} Qb6 {[%emt 0:02:45]} 30. Be3 {[%emt 0:01:32]} Qb3 {[%emt 0:01:08]} 31. Bg5 {[%emt 0:00:58]} Rxc3 {[%emt 0:08:09]} 32. Qxc3 {[%emt 0:02:45]} Qxc3 {[%emt 0:00:32]} 33. bxc3 {[%emt 0:00:02]} Rd7 {[%emt 0:00:09]} 34. Bxf6 {[%emt 0:01:18]} Bxf6 {[%emt 0:00:09]} 35. c4 {[%emt 0:00:06]} Be6 {[%emt 0:00:03]} 36. Rxd7 {[%emt 0:00:04]} Bxd7 {[%emt 0:00:03]} 37. f4 {[%emt 0:00:23]} Kf8 {[%emt 0:01:22]} 38. Bd5 {[%emt 0:00:06]} Bd4 {[%emt 0:00:12]} 39. Rd1 {[%emt 0:00:38]} Bc5 {[%emt 0:00:03]} 40. Ra1 {[%emt 0:00:00]} Bc8 {[%emt 0:00:00]} 41. Rb1 {[%emt 0:01:23]} Ke7 {[%emt 0:00:12]} 42. Kg2 {[%emt 0:01:52]} Kd6 {[%emt 0:01:39]} 43. Bxf7 {[%emt 0:00:35]} a5 {[%emt 0:00:05]} 44. Be8 {[%emt 0:00:42]} Bb4 {[%emt 0:00:12]} 45. Bb5 {[%emt 0:02:56]} Kc5 {[%emt 0:00:30]} 46. Kf3 {[%emt 0:01:35]} h5 {[%emt 0:00:05]} 47. Ke3 {[%emt 0:01:08]} Bc3 {[%emt 0:00:04]} 48. Rd1 {[%emt 0:03:26]} Kb4 {[%emt 0:00:07]} 49. Rd6 {[%emt 0:05:10]} a4 {[%emt 0:03:46]} 50. Bxa4 {[%emt 0:00:12]} Kxa4 {[%emt 0:00:04]} 51. Rxg6 {[%emt 0:00:06]} Bg4 {[%emt 0:03:00]} 52. Rg5 {[%emt 0:02:15]} Kb4 {[%emt 0:00:16]} 53. Kd3 {[%emt 0:00:11]} Be1 {[%emt 0:00:31]} 54. Rb5+ {[%emt 0:00:07]} Ka4 {[%emt 0:00:08]} 55. Ke3 {[%emt 0:01:19]} h4 {[%emt 0:01:16]} 56. Rb1 {[%emt 0:02:52]} Bb4 {[%emt 0:00:34]} 57. gxh4 {[%emt 0:01:09]} Be7 {[%emt 0:00:03]} 58. Ke4 {[%emt 0:01:59]} Be2 {[%emt 0:05:03]} 59. Kd5 {[%emt 0:01:22]} Bf3+ {[%emt 0:01:04]} 60. Ke6 {[%emt 0:00:27]} Bxh4 {[%emt 0:00:40]} 61. f5 {[%emt 0:00:50]} 1-0

[Event "2nd Irena Warakomska Memorial-A"]
[Site "Suwalki"]
[Date "2018.08.04"]
[Round "5"]
[White "Sowul, Bartosz"]
[Black "Omelja, Artem"]
[Result "0-1"]
[WhiteElo "2257"]
[BlackElo "2431"]
[Annotator "TA"]
[PlyCount "80"]
[EventDate "2018.08.01"]
[EventType "swiss"]
[EventCountry "POL"]
[SourceTitle "playchess.com"]
[Source "ChessBase"]
[SourceQuality "1"]

{[%evp 22,80,41,40,85,94,116,112,105,74,77,68,67,45,60,39,52,48,54,6,31,30,57,38,50,41,34,37,41,0,0,-66,-70,-63,-25,-132,-62,-99,-103,-117,-62,-168,-157,-202,-214,-255,-254,-235,-179,-202,-223,-306,-229,-488,-240,-257,-254,-438,-426,-432,-431]} 1. d4 e6 2. Nf3 d5 3. e3 Nf6 4. c4 b6 5. Bd3 Bd6 6. O-O O-O 7. b3 Bb7 8. Bb2 Nbd7 9. Nc3 {[%cal Bb1c3,Bc3e2,Be2f4][%mdl 32]} a6 10. Rc1 Ne4 11. Ne2 f5 {E14: Queen's Indian: Classical Variation (4 e3)} 12. Ne5 {LiveBook: 5 Games} Nxe5 13. dxe5 {[#]} Bc5 $146 {White is better.} ({Predecessor:} 13... Be7 14. cxd5 exd5 15. Nd4 Qd7 16. f3 Nc5 17. e6 Nxe6 18. Bxf5 Rxf5 19. Nxf5 {1-0 (44) Bruzon Batista,L (2573)-Nisipeanu,L (2609) Moscow 2001}) 14. Nf4 Qe7 15. Qe2 c6 16. f3 Ng5 $1 17. h4 Nf7 18. g3 a5 19. a4 Bc8 20. Bb1 dxc4 21. bxc4 Qc7 22. Nd3 Be7 23. e4 Nh6 24. Nf4 g6 25. c5 Bxc5+ 26. Rxc5 (26. Kg2 $11) 26... bxc5 $15 27. Ba2 Qe7 {Threatens to win with ...fxe4.} 28. Qc4 (28. Ba3 $11) 28... Re8 ({Black should try} 28... fxe4 $1 $17 {Hoping for ...Rxf4!} 29. Nxe6 Bxe6 30. Qxe6+ Qxe6 31. Bxe6+ Kg7 32. fxe4 Rad8 33. Rxf8 Kxf8) 29. Rd1 fxe4 30. fxe4 {[#]} Nf7 (30... Rb8 $1 $17 {[%cal Rb8b2]} 31. Bc3 Qa7) 31. Qc3 {[#]} ({White should play} 31. Kg2 $15) 31... Rb8 $1 $19 32. Rf1 Rb4 33. Bc4 Qa7 ({Much less strong is} 33... Rxa4 34. Nd3 $19) 34. Rf2 Rxa4 35. Nd3 {[#]} Rb4 $1 36. Rf6 (36. Nxb4 cxb4) 36... Qb6 37. Qc1 $2 {[#]} (37. Bc1) 37... Rxb2 $1 38. Nxb2 (38. Qxb2 Qxb2) 38... Nxe5 39. h5 $2 (39. Qc3 Qb8 40. Kg2) 39... Qd8 40. Rf2 Rf8 {Precision: White = 30%, Black = 49%.} 0-1

[Event "2nd Irena Warakomska Memorial-A"]
[Site "Suwalki"]
[Date "2018.08.04"]
[Round "5"]
[White "Kumala, Aleksander"]
[Black "Lisowski, Krzysztof"]
[Result "1-0"]
[WhiteElo "2238"]
[BlackElo "2072"]
[Annotator "NA"]
[PlyCount "117"]
[EventDate "2018.08.01"]
[EventType "swiss"]
[EventCountry "POL"]
[SourceTitle "playchess.com"]
[Source "ChessBase"]
[SourceQuality "1"]
[TimeControl "40/5400+30:1800+30"]

1. e3 {[%emt 0:00:00]} d5 {[%emt 0:08:58]} 2. c4 {[%emt 0:00:00]} e6 {[%emt 0:01:06]} 3. Nc3 {[%emt 0:00:03]} Nf6 {[%emt 0:01:14]} 4. b3 {[%emt 0:03:11]} c5 {[%emt 0:03:49]} 5. Bb2 {[%emt 0:01:48]} d4 {[%emt 0:02:20]} 6. Nce2 {[%emt 0:21:36]} Nc6 {[%emt 0:01:11]} 7. a3 {[%emt 0:08:12]} e5 {[%emt 0:05:12]} 8. Ng3 {[%emt 0:00:55]} Bd6 {[%emt 0:24:51]} 9. e4 {[%emt 0:02:13]} O-O {[%emt 0:01:32]} 10. Bd3 {[%emt 0:11:50]} Ne7 {[%emt 0:04:50]} 11. N1e2 {[%emt 0:03:10]} Ng6 {[%emt 0:02:09]} 12. O-O {[%emt 0:00:27]} Re8 {[%emt 0:08:03]} 13. f3 {[%emt 0:08:02]} Nf4 {[%emt 0:04:49]} 14. Nxf4 {[%emt 0:00:23]} exf4 {[%emt 0:00:05]} 15. Ne2 {[%emt 0:00:40]} Nh5 {[%emt 0:02:12]} 16. b4 {[%emt 0:14:30]} b6 {[%emt 0:00:27]} 17. e5 {[%emt 0:00:34]} Rxe5 {[%emt 0:04:44]} 18. Be4 {[%emt 0:03:01]} Rb8 {[%emt 0:00:58]} 19. Qe1 {[%emt 0:04:07]} Qg5 {[%emt 0:03:30]} 20. Qf2 {[%emt 0:01:29]} Re6 {[%emt 0:06:09]} 21. Rfe1 {[%emt 0:01:46]} Bd7 {[%emt 0:01:06]} 22. d3 {[%emt 0:01:00]} Rh6 {[%emt 0:00:26]} 23. Bc1 {[%emt 0:00:32]} Re8 {[%emt 0:02:18]} 24. bxc5 {[%emt 0:02:11]} bxc5 {[%emt 0:00:53]} 25. Rb1 {[%emt 0:00:25]} Bc8 {[%emt 0:04:38]} 26. Bd2 {[%emt 0:00:38]} Nf6 {[%emt 0:01:39]} 27. g3 {[%emt 0:01:00]} fxg3 {[%emt 0:01:02]} 28. Nxg3 {[%emt 0:00:22]} Bf4 {[%emt 0:00:32]} 29. Bxf4 {[%emt 0:00:30]} Qxf4 {[%emt 0:00:04]} 30. Rb5 {[%emt 0:00:28]} Qc7 {[%emt 0:02:01]} 31. Qd2 {[%emt 0:01:01]} Ba6 {[%emt 0:01:14]} 32. Qa5 {[%emt 0:01:06]} Qxa5 {[%emt 0:00:57]} 33. Rxa5 {[%emt 0:00:02]} Nxe4 {[%emt 0:00:27]} 34. Rxe4 {[%emt 0:01:35]} Rb8 {[%emt 0:00:31]} 35. Rxc5 {[%emt 0:00:45]} Rb1+ {[%emt 0:00:22]} 36. Kg2 {[%emt 0:00:09]} Rb2+ {[%emt 0:01:02]} 37. Re2 {[%emt 0:00:20]} Rhb6 {[%emt 0:00:21]} 38. Rd5 {[%emt 0:02:43]} g6 {[%emt 0:00:31]} 39. Rxd4 {[%emt 0:00:10]} Rxe2+ {[%emt 0:00:36]} 40. Nxe2 {[%emt 0:00:00]} Rb2 {[%emt 0:00:00]} 41. Kf2 {[%emt 0:03:14]} Kg7 {[%emt 0:11:49]} 42. Rd7 {[%emt 0:00:36]} Bb7 {[%emt 0:00:23]} 43. Ke3 {[%emt 0:00:47]} h5 {[%emt 0:00:15]} 44. h4 {[%emt 0:01:48]} a5 {[%emt 0:10:37]} 45. Nc3 {[%emt 0:01:45]} Rb3 {[%emt 0:01:15]} 46. Ne4 {[%emt 0:01:04]} Bxe4 {[%emt 0:05:52]} 47. Kxe4 {[%emt 0:00:07]} Rxa3 {[%emt 0:00:16]} 48. d4 {[%emt 0:01:25]} Rc3 {[%emt 0:00:33]} 49. c5 {[%emt 0:00:16]} a4 {[%emt 0:00:18]} 50. Kd5 {[%emt 0:00:36]} a3 {[%emt 0:00:36]} 51. f4 {[%emt 0:00:44]} a2 {[%emt 0:03:56]} 52. Ra7 {[%emt 0:00:06]} Rc2 {[%emt 0:00:06]} 53. c6 {[%emt 0:00:11]} Kf6 {[%emt 0:00:36]} 54. Kd6 {[%emt 0:00:07]} Kf5 {[%emt 0:00:37]} 55. c7 {[%emt 0:00:47]} Ke4 {[%emt 0:00:55]} 56. Rxa2 {[%emt 0:01:35]} Rc1 {[%emt 0:00:26]} 57. d5 {[%emt 0:00:33]} f6 {[%emt 0:00:37]} 58. Ra4+ {[%emt 0:00:13]} Kf5 {[%emt 0:00:19]} 59. Kd7 {[%emt 0:00:09]} 1-0

[Event "2nd Irena Warakomska Memorial-A"]
[Site "Suwalki"]
[Date "2018.08.04"]
[Round "5"]
[White "Pietruszewski, Marcin"]
[Black "Maj, Pawel"]
[Result "1-0"]
[WhiteElo "2208"]
[BlackElo "2071"]
[Annotator "NA"]
[PlyCount "73"]
[EventDate "2018.08.01"]
[EventType "swiss"]
[EventCountry "POL"]
[SourceTitle "playchess.com"]
[Source "ChessBase"]
[SourceQuality "1"]
[TimeControl "40/5400+30:1800+30"]

1. e4 e5 2. Nf3 Nc6 3. d4 exd4 4. Nxd4 Nf6 5. Nxc6 bxc6 6. e5 Qe7 7. Qe2 Nd5 8. h4 d6 9. c4 Nb6 10. exd6 Qxe2+ 11. Bxe2 cxd6 12. Nc3 Be6 13. Bf3 Rc8 14. b3 d5 15. cxd5 cxd5 16. Nb5 Be7 17. Bg5 Bb4+ 18. Bd2 Be7 19. Nxa7 Rc2 20. Bd1 Bf6 21. Bxc2 Bxa1 22. Ke2 Be5 23. Nc6 Bf6 24. Bg5 Bc3 25. Kd3 Bb2 26. Rb1 Ba3 27. Be3 Kd7 28. Nd4 Rb8 29. Ke2 h6 30. Bd3 Na8 31. Nc2 Bd6 32. a4 Nb6 33. Nd4 Ba3 34. Bf4 Ra8 35. Bb5+ Ke7 36. a5 Nd7 37. b4 1-0